[Event "IX Weekend A"]
[Site "Gorgonzola ITA"]
[Date "2004.11.13"]
[Round "1"]
[White "Salvador, Roland"]
[Black "Barlocco, Carlo"]
[Result "1-0"]
[WhiteElo "2315"]
[BlackElo "2108"]
[PlyCount "115"]
[EventDate "2004.11.13"]

1.d4 d6 2.Nf3 Nc6 3.Nc3 Bg4 4.d5 Nb8 5.e4 e5 6.dxe6 fxe6 7.Bc4 Qd7 8.h3 
Bh5 9.Nb5 Nc6 10.Bxe6 Qe7 11.g4 Bf7 12.Bg5 Nf6 13.Bxf6 gxf6 14.Bxf7+ Qxf7 
15.Qd5 Qd7 16.Qh5+ Ke7 17.Nh4 Re8 18.Ng6+ Kd8 19.Nxh8 Rxe4+ 20.Kf1 Ne5 21.
Nc3 Rb4 22.Qf5 Qc6 23.Rg1 Rxb2 24.Ne2 Rxc2 25.Qxf6+ Ke8 26.Qe6+ Be7 27.Rg3
Qb5 28.Re1 Rc4 29.g5 Rf4 30.Rb3 Qc6 31.Qc8+ Bd8 32.Nxf4 Qh1+ 33.Ke2 Qe4+ 
34.Re3 Qxf4 35.Rxe5+ dxe5 36.Qg4 Bxg5 37.Qxf4 Bxf4 38.Kf3 Kf8 39.Rd1 Ke7 
40.Kg4 c5 41.Kf5 c4 42.Rd5 b6 43.Ke4 a6 44.a4 Ke6 45.Rd8 b5 46.axb5 axb5 
47.Rb8 c3 48.Rb6+ Ke7 49.Kd3 e4+ 50.Kc2 Be5 51.Rb7+ Kd6 52.Nf7+ Kc6 53.
Nd8+ Kc5 54.Rxh7 b4 55.Rh5 Kc4 56.Rxe5 b3+ 57.Kc1 Kd3 58.Nc6 1-0

[Event "IX Weekend A"]
[Site "Gorgonzola ITA"]
[Date "2004.11.13"]
[Round "1"]
[White "Sbarra, Marco"]
[Black "Mazzariol, Oscar"]
[Result "1-0"]
[WhiteElo "2231"]
[BlackElo "2102"]
[PlyCount "41"]
[EventDate "2004.11.13"]

1.e4 c5 2.Nf3 Nc6 3.Bb5 g6 4.Bxc6 bxc6 5.O-O Bg7 6.Re1 Nf6 7.e5 Nd5 8.Nc3 
Nxc3 9.dxc3 O-O 10.Be3 Qa5 11.Nd2 Qb5 12.b3 Bxe5 13.Bg5 Bxc3 14.Bxe7 Ba6 
15.Ne4 Bxe1 16.Qxe1 f5 17.c4 Qb4 18.Nxc5 Qxe1+ 19.Rxe1 Rae8 20.Nxa6 d6 21.
Kf1 1-0

[Event "IX Weekend A"]
[Site "Gorgonzola ITA"]
[Date "2004.11.14"]
[Round "2"]
[White "Barlocco, Carlo"]
[Black "Astengo, Marcello"]
[Result "0-1"]
[WhiteElo "2108"]
[BlackElo "2032"]
[PlyCount "68"]
[EventDate "2004.11.13"]

1.e4 e6 2.d4 d5 3.Nc3 Nf6 4.Bg5 Bb4 5.e5 h6 6.Bd2 Bxc3 7.Bxc3 Ne4 8.Ne2 c5
9.dxc5 Nc6 10.Bd4 Qc7 11.f3 Nxd4 12.Qxd4 Nxc5 13.O-O-O Bd7 14.Nf4 Rc8 15.
Kb1 O-O 16.Rc1 b5 17.g4 b4 18.Nd3 a5 19.Nxc5 Qxc5 20.Qxc5 Rxc5 21.Rd1 Bc6 
22.Bg2 Rc8 23.Rd2 Ba4 24.b3 Bb5 25.Rc1 Rc3 26.Kb2 Re3 27.a3 bxa3+ 28.Kxa3 
Rxe5 29.Kb2 a4 30.b4 Re3 31.Ra1 Rc4 32.Kc1 Rxb4 33.Rd1 a3 34.Kd2 Re2+ 0-1

[Event "IX Weekend A"]
[Site "Gorgonzola ITA"]
[Date "2004.11.14"]
[Round "2"]
[White "Berni, Fabrizio"]
[Black "Salvador, Roland"]
[Result "0-1"]
[WhiteElo "2134"]
[BlackElo "2315"]
[PlyCount "54"]
[EventDate "2004.11.13"]

1.e4 c5 2.Nf3 Nc6 3.d4 cxd4 4.Nxd4 e5 5.Nb5 d6 6.N1c3 a6 7.Na3 b5 8.Nd5 
Nce7 9.c4 Nxd5 10.exd5 bxc4 11.Bxc4 f5 12.O-O f4 13.Nc2 Qh4 14.Re1 Nh6 15.
Nd4 Ng4 16.Nf3 Qxf2+ 17.Kh1 Be7 18.h3 Qc5 19.Qe2 Nf2+ 20.Kh2 O-O 21.Nxe5 
Bh4 22.Bxf4 Rxf4 23.b4 Qd4 24.Nc6 Qxc4 25.g3 Bxh3 26.gxh4 Ng4+ 27.Kg1 Rf1+
0-1

[Event "IX Weekend A"]
[Site "Gorgonzola ITA"]
[Date "2004.11.14"]
[Round "2"]
[White "Bonade', Massimo"]
[Black "Barberi, Alessandro"]
[Result "1-0"]
[WhiteElo "2093"]
[BlackElo "2161"]
[PlyCount "52"]
[EventDate "2004.11.13"]

1.d4 g6 2.c4 Bg7 3.Nc3 d6 4.e4 Nd7 5.Nf3 e5 6.Be2 Ne7 7.O-O O-O 8.dxe5 
Nxe5 9.Nxe5 Bxe5 10.f4 Bg7 11.Be3 f5 12.Bd4 Bxd4+ 13.Qxd4 fxe4 14.Nxe4 Nf5
15.Qd5+ Kh8 16.g4 c6 17.Qd2 Qe7 18.Bf3 Nh4 19.Rae1 Nxf3+ 20.Rxf3 Bxg4 21.
Rg3 Qh4 22.Nxd6 Rad8 23.c5 Rd7 24.Re5 Bh5 25.Qc3 Rg7 26.f5 Rd7 1-0

[Event "IX Weekend A"]
[Site "Gorgonzola ITA"]
[Date "2004.11.14"]
[Round "2"]
[White "Dallaglio, Giovanni"]
[Black "Bartolozzi, Roberto"]
[Result "1/2-1/2"]
[WhiteElo "2051"]
[BlackElo "2115"]
[PlyCount "68"]
[EventDate "2004.11.13"]

1.d4 e6 2.c4 d5 3.Nf3 Nf6 4.Nc3 Be7 5.Bg5 O-O 6.e3 Ne4 7.Bxe7 Qxe7 8.cxd5 
Nxc3 9.bxc3 exd5 10.Qb3 Rd8 11.c4 Be6 12.Qxb7 dxc4 13.Qb2 Nd7 14.Nd2 Nb6 
15.Be2 c5 16.O-O cxd4 17.exd4 Rac8 18.Nf3 Nd5 19.Qc2 Qf6 20.Rac1 Nf4 21.
Rfe1 Bd5 22.Qc3 Bxf3 23.Qxf3 Nxe2+ 24.Qxe2 Qxd4 25.Red1 Qb6 26.Rxd8+ Qxd8 
27.Rxc4 Rxc4 28.Qxc4 Qd1+ 29.Qf1 Qd2 30.Qc4 g6 31.g3 a5 32.a4 h5 33.h4 Kg7
34.Kg2 Kg8 1/2-1/2

[Event "IX Weekend A"]
[Site "Gorgonzola ITA"]
[Date "2004.11.14"]
[Round "2"]
[White "Facchetti, Gianni"]
[Black "Radice, Luca"]
[Result "0-1"]
[WhiteElo "2203"]
[BlackElo "2082"]
[PlyCount "96"]
[EventDate "2004.11.13"]

1.e4 e6 2.d4 d5 3.exd5 exd5 4.Qf3 Nf6 5.Bg5 Be7 6.Bxf6 Bxf6 7.c3 O-O 8.Bd3
c5 9.Ne2 Qb6 10.b3 cxd4 11.O-O Nc6 12.Qxd5 Be6 13.Qe4 g6 14.Qf3 Bg7 15.Nd2
Ne5 16.Qg3 Nxd3 17.Qxd3 dxc3 18.Nc4 Bxc4 19.bxc4 Rfd8 20.Qf3 c2 21.Rac1 
Rd2 22.Nc3 Qb2 23.Ne4 Rd4 24.Ng5 Rf8 25.Qb3 Rd2 26.Ne4 Rfd8 27.Nxd2 Rxd2 
28.g3 Bd4 29.Qxb2 Bxb2 30.Kg2 Kg7 31.Kf3 Bd4 32.h4 f5 33.Kg2 Kf6 34.Kf3 h6
35.Rce1 Bb2 36.Ke3 Rd4 37.Rc1 Bxc1+ 38.Rxc1 Rxc4 39.Kd3 b5 40.a4 a6 41.
axb5 axb5 42.Kd2 b4 43.Rxc2 Rxc2+ 44.Kxc2 Ke5 45.Kd3 b3 46.f4+ Kd5 47.h5 
gxh5 48.Kc3 Ke4 0-1

[Event "IX Weekend A"]
[Site "Gorgonzola ITA"]
[Date "2004.11.14"]
[Round "2"]
[White "Gabetto, Flaviano"]
[Black "Bemporad, Filippo"]
[Result "1-0"]
[WhiteElo "2128"]
[BlackElo "2072"]
[PlyCount "93"]
[EventDate "2004.11.13"]

1.e4 c5 2.b4 cxb4 3.d4 d6 4.a3 bxa3 5.c3 Nf6 6.Bd3 g6 7.Ne2 Bg7 8.h3 Nc6 
9.Be3 O-O 10.Qd2 e5 11.d5 Na5 12.Rxa3 Qc7 13.Qa2 b6 14.Bd2 Nd7 15.c4 Nc5 
16.Bxa5 Nxd3+ 17.Rxd3 bxa5 18.O-O f5 19.exf5 Bxf5 20.Ra3 Rfc8 21.Nd2 Bh6 
22.Ng3 Rf8 23.Nde4 Bf4 24.Rxa5 Rf7 25.Ra6 Bxg3 26.Nxg3 Bd3 27.Rc6 Qe7 28.
Re1 Raf8 29.f3 Rf4 30.c5 Bc4 31.cxd6 Qh4 32.Rxc4 Qxg3 33.Rf1 Rxf3 34.Rxf3 
Rxf3 35.Re4 Rd3 36.Qe2 Rxd5 37.Qc4 Qd3 38.Qc8+ Kf7 39.Qd7+ Kf6 40.Qe7+ Kf5
41.Re1 Qd4+ 42.Kh1 Rxd6 43.Qf7+ Kg5 44.Qe7+ Kf5 45.Rf1+ Ke4 46.Qb7+ Ke3 
47.Qf3+ 1-0

[Event "IX Weekend A"]
[Site "Gorgonzola ITA"]
[Date "2004.11.14"]
[Round "2"]
[White "Mazzariol, Oscar"]
[Black "D'Apa, Matteo"]
[Result "1-0"]
[WhiteElo "2102"]
[BlackElo "1973"]
[PlyCount "59"]
[EventDate "2004.11.13"]

1.e4 e5 2.Nf3 Nc6 3.Bb5 a6 4.Ba4 d6 5.c3 Bd7 6.d4 Nge7 7.h3 g6 8.Be3 Bg7 
9.Qd2 b5 10.Bc2 O-O 11.Bh6 f5 12.dxe5 Bxh6 13.Qxh6 Nxe5 14.Bb3+ Nc4 15.Ng5
Rf7 16.Nxf7 Kxf7 17.Qxh7+ Kf8 18.Nd2 Qe8 19.Nxc4 bxc4 20.Bxc4 d5 21.Qh6+ 
Kg8 22.exd5 Nxd5+ 23.Qe3 Qf7 24.Bxd5 Qxd5 25.O-O Bc6 26.Qg5 Kf7 27.Rad1 
Qxa2 28.Rfe1 Re8 29.Rxe8 Bxe8 30.Re1 1-0

[Event "IX Weekend A"]
[Site "Gorgonzola ITA"]
[Date "2004.11.14"]
[Round "2"]
[White "Mrdja, Milan"]
[Black "Manzoni, Alessandro"]
[Result "1-0"]
[WhiteElo "2420"]
[BlackElo "2100"]
[PlyCount "43"]
[EventDate "2004.11.13"]

1.e4 d6 2.d4 Nf6 3.Nc3 g6 4.f4 Bg7 5.Nf3 c5 6.e5 Ng4 7.dxc5 O-O 8.h3 Nh6 
9.cxd6 exd6 10.Qxd6 Qxd6 11.exd6 Bxc3+ 12.bxc3 Nf5 13.Kf2 Nxd6 14.Bd3 Re8 
15.Ba3 Ne4+ 16.Bxe4 Rxe4 17.Rhe1 Rc4 18.Re8+ Kg7 19.Bf8+ Kf6 20.Nd2 Rxf4+ 
21.Ke3 g5 22.Rxc8 1-0

[Event "IX Weekend A"]
[Site "Gorgonzola ITA"]
[Date "2004.11.14"]
[Round "2"]
[White "Pace, Pietro Dario"]
[Black "Sbarra, Marco"]
[Result "1-0"]
[WhiteElo "2130"]
[BlackElo "2231"]
[PlyCount "131"]
[EventDate "2004.11.13"]

1.e4 e5 2.Nf3 Nc6 3.Bb5 a6 4.Ba4 Nf6 5.O-O b5 6.Bb3 Be7 7.Re1 O-O 8.h3 d6 
9.c3 Nb8 10.d4 Nbd7 11.Nbd2 Bb7 12.Bc2 Re8 13.a4 c5 14.d5 c4 15.b4 cxb3 
16.Nxb3 Qc7 17.Bd2 bxa4 18.Rxa4 Nb6 19.Ra1 Nc4 20.Bc1 Rec8 21.Nfd2 Bd8 22.
Bd3 Nxd2 23.Bxd2 Nd7 24.Na5 Nc5 25.Bf1 Rcb8 26.Kh2 Qd7 27.Qc2 Bxa5 28.Rxa5
Bc8 29.Be3 Qc7 30.Bxc5 dxc5 31.Qa2 Rb6 32.Qa3 c4 33.Rc5 Qa7 34.Ra1 Rab8 
35.Bxc4 h5 36.Be2 h4 37.Qc1 Rf6 38.Qe3 Qb6 39.Bd3 Qd8 40.Rca5 Rb2 41.Be2 
Qd6 42.R5a2 Rb3 43.Bd1 Rb5 44.c4 Rc5 45.Be2 Qc7 46.Bf1 Rf4 47.Qe1 Kh7 48.
Kg1 g5 49.Ra5 Kg7 50.Rxc5 Qxc5 51.Qe3 Qb4 52.g3 hxg3 53.fxg3 Qb2 54.gxf4 
Qxa1 55.fxg5 a5 56.Qf3 Qd4+ 57.Kh2 Qd2+ 58.Bg2 Qxg5 59.c5 Kf8 60.Qa3 Qd2 
61.c6+ Ke8 62.Qg3 Qf4 63.Qxf4 exf4 64.d6 Be6 65.e5 a4 66.c7 1-0

[Event "IX Weekend A"]
[Site "Gorgonzola ITA"]
[Date "2004.11.14"]
[Round "2"]
[White "Pepe, Mario"]
[Black "Ranola, Yves"]
[Result "0-1"]
[WhiteElo "2151"]
[BlackElo "2449"]
[PlyCount "159"]
[EventDate "2004.11.13"]

1.e4 c5 2.Nf3 Nc6 3.c3 Nf6 4.e5 Nd5 5.d4 cxd4 6.cxd4 d6 7.Nc3 dxe5 8.Nxe5 
Nxc3 9.bxc3 Nxe5 10.dxe5 Qxd1+ 11.Kxd1 Bg4+ 12.Be2 O-O-O+ 13.Ke1 Bxe2 14.
Kxe2 Rd5 15.f4 e6 16.c4 Rd4 17.Be3 Rxc4 18.Bxa7 Ba3 19.Be3 Rd8 20.Rhd1 
Rc2+ 21.Rd2 Rdxd2+ 22.Bxd2 Kd7 23.Kd3 Rc5 24.Rb1 Kc6 25.Rb3 Rd5+ 26.Ke2 
Bc5 27.Rd3 b5 28.Rb3 Rd4 29.g3 Ra4 30.Rb2 Ra3 31.Rc2 Kb6 32.Bc1 Ra4 33.Kd3
h5 34.Kc3 Kc6 35.Kd3 Kd5 36.Bd2 Ra3+ 37.Ke2 h4 38.Bc1 Ra8 39.Kf3 hxg3 40.
hxg3 b4 41.Rd2+ Kc4 42.Rc2+ Kb5 43.Ke4 Ra4 44.Kf3 Bd4 45.Ke4 Bc3 46.Kd3 
Ra8 47.Re2 Rc8 48.g4 Rh8 49.a3 Rh3+ 50.Kc2 Rg3 51.axb4 Bxb4 52.g5 Rh3 53.
Rg2 g6 54.Re2 Kc5 55.Re4 Rc3+ 56.Kb2 Rc4 57.Re2 Kd5 58.Kb1 Bc3 59.Rh2 Ke4 
60.Rh7 Rc7 61.Rh3 Bd4 62.Bd2 Kf5 63.Rd3 Bf2 64.Rf3 Bh4 65.Rb3 Kg4 66.Kb2 
Bg3 67.Rb4 Kf3 68.Bc1 Bf2 69.Rb3+ Ke2 70.Kb1 Bd4 71.Rb4 Be3 72.Bxe3 Kxe3 
73.Kb2 Rd7 74.Kc2 Rd4 75.Rb3+ Ke2 76.f5 Rc4+ 77.Kb2 gxf5 78.Rb7 f4 79.Rxf7
f3 80.g6 0-1

[Event "IX Weekend A"]
[Site "Gorgonzola ITA"]
[Date "2004.11.14"]
[Round "2"]
[White "Rossi, Giampiero"]
[Black "Massironi, Marco"]
[Result "1/2-1/2"]
[WhiteElo "2022"]
[BlackElo "2108"]
[PlyCount "67"]
[EventDate "2004.11.13"]

1.d4 Nf6 2.c4 g6 3.g3 c6 4.Bg2 d5 5.cxd5 cxd5 6.Nc3 Nc6 7.Nf3 Bg7 8.O-O e6
9.b3 O-O 10.Bb2 Ne4 11.e3 b6 12.Nxe4 dxe4 13.Ne5 Bxe5 14.Bxe4 Bxd4 15.exd4
Bb7 16.Qd2 Nxd4 17.Qxd4 Qxd4 18.Bxd4 Bxe4 19.Rfe1 Bd5 20.Rac1 Rac8 21.Be3 
Bf3 22.Rxc8 Rxc8 23.Rc1 Rd8 24.Kf1 e5 25.Ke1 f5 26.h4 Rd7 27.Bd2 Kg7 28.
Rc3 e4 29.Rc1 h6 30.Bf4 b5 31.Rc7 Rxc7 32.Bxc7 g5 33.hxg5 hxg5 34.Kd2 
1/2-1/2

[Event "IX Weekend A"]
[Site "Gorgonzola ITA"]
[Date "2004.11.14"]
[Round "2"]
[White "Salami, Marco"]
[Black "D'Apa, Stefano"]
[Result "0-1"]
[WhiteElo "2170"]
[BlackElo "2165"]
[PlyCount "76"]
[EventDate "2004.11.13"]

1.e4 e6 2.d3 d5 3.Nd2 Nf6 4.Ngf3 c5 5.g3 Nc6 6.Bg2 Be7 7.O-O Bd7 8.Re1 Qc7
9.exd5 exd5 10.c4 O-O 11.Ng5 Bg4 12.Qa4 Rfe8 13.cxd5 Nd4 14.Nde4 b5 15.Qa6
Nxd5 16.Nxf7 Nb4 17.Nh6+ Kf8 18.Qa3 Nbc2 19.Qc3 b4 20.Qd2 Nxe1 21.Qxe1 
gxh6 22.Bxh6+ Kg8 23.Qd2 Nf3+ 24.Bxf3 Bxf3 25.Re1 Qc6 26.Qf4 Bxe4 27.dxe4 
Qf6 28.Qc1 Bf8 29.Bg5 Qd4 30.Qc2 h6 31.Bf4 Rad8 32.Qe2 Bg7 33.e5 Kh7 34.
Qh5 Qd3 35.Qf7 Qg6 36.Qxa7 c4 37.Qc5 Qg4 38.Qxc4 Kh8 0-1

[Event "IX Weekend A"]
[Site "Gorgonzola ITA"]
[Date "2004.11.14"]
[Round "2"]
[White "Vancini, Edoardo"]
[Black "Piantoni, Roberto"]
[Result "1/2-1/2"]
[WhiteElo "2288"]
[BlackElo "2133"]
[PlyCount "46"]
[EventDate "2004.11.13"]

1.Nf3 d5 2.c4 c6 3.e3 Nf6 4.Qc2 e6 5.b3 Nbd7 6.Bb2 Bd6 7.Nc3 O-O 8.Rg1 Qe7
9.g4 Ba3 10.g5 Ne8 11.Bxa3 Qxa3 12.h4 Qd6 13.cxd5 exd5 14.d4 g6 15.h5 Ng7 
16.hxg6 fxg6 17.Be2 Nb6 18.Ne5 Bf5 19.Bd3 Nd7 20.f4 Nxe5 21.dxe5 Qc5 22.
Ke2 Rad8 23.Rad1 Ne6 1/2-1/2

[Event "IX Weekend A"]
[Site "Gorgonzola ITA"]
[Date "2004.11.14"]
[Round "3"]
[White "Astengo, Corrado"]
[Black "Pepe, Mario"]
[Result "1-0"]
[WhiteElo "2134"]
[BlackElo "2151"]
[PlyCount "75"]
[EventDate "2004.11.13"]

1.e4 d6 2.d4 Nf6 3.Nc3 c6 4.a4 g6 5.g3 Bg7 6.Bg2 O-O 7.Nge2 Qb6 8.a5 Qc7 
9.O-O Nbd7 10.f4 e5 11.dxe5 dxe5 12.f5 Rd8 13.Qe1 b5 14.axb6 Qxb6+ 15.Qf2 
Ng4 16.Qxb6 Nxb6 17.h3 Nf6 18.g4 h6 19.fxg6 fxg6 20.Bxh6 Nc4 21.Bg5 Rf8 
22.b3 Nb6 23.Rad1 Ne8 24.Nc1 Be6 25.Nd3 Nd7 26.Nb4 Rc8 27.Ra1 Rc7 28.Be3 
Nb6 29.Na6 Rcf7 30.Rxf7 Rxf7 31.Nb4 Rc7 32.Ra5 Nd6 33.Rc5 Bd7 34.Ncd5 Nxd5
35.Nxd5 Rb7 36.Ne7+ Kf7 37.Nxc6 Nb5 38.Nd8+ 1-0

[Event "IX Weekend A"]
[Site "Gorgonzola ITA"]
[Date "2004.11.14"]
[Round "3"]
[White "Astengo, Marcello"]
[Black "Facchetti, Gianni"]
[Result "1-0"]
[WhiteElo "2032"]
[BlackElo "2203"]
[PlyCount "99"]
[EventDate "2004.11.13"]

1.d4 Nf6 2.c4 e5 3.dxe5 Ng4 4.e3 Nxe5 5.Nh3 Ng6 6.Nc3 d6 7.g3 Nd7 8.Bg2 
Nf6 9.O-O c6 10.b3 Be7 11.Bb2 O-O 12.Qc2 Qc7 13.Rad1 h6 14.Rd2 Rd8 15.Rfd1
Be6 16.Kh1 Qa5 17.e4 Qh5 18.Ng1 Ne5 19.f3 g5 20.Qb1 g4 21.f4 Nf3 22.Bxf3 
gxf3 23.Rf1 Ng4 24.Rxf3 f5 25.Qf1 fxe4 26.Nxe4 d5 27.Nc3 dxc4 28.Qg2 Bb4 
29.h3 Bxc3 30.Bxc3 Bd5 31.Rxd5 Rxd5 32.bxc4 Rd6 33.Qb2 Rad8 34.Qxb7 R8d7 
35.Qb8+ Kf7 36.Qh8 Rd1 37.Qg7+ Ke8 38.Qxg4 Qc5 39.Qg8+ Ke7 40.Qg7+ Kd8 41.
Qh8+ Kc7 42.Qe5+ Kb6 43.Qxc5+ Kxc5 44.g4 Rc1 45.g5 hxg5 46.fxg5 Kxc4 47.
Bf6 Rd2 48.g6 Rcc2 49.Be5 Rg2 50.Bg3 1-0

[Event "IX Weekend A"]
[Site "Gorgonzola ITA"]
[Date "2004.11.14"]
[Round "3"]
[White "Barberi, Alessandro"]
[Black "Barlocco, Carlo"]
[Result "0-1"]
[WhiteElo "2161"]
[BlackElo "2108"]
[PlyCount "41"]
[EventDate "2004.11.13"]

1.d4 Nc6 2.Nf3 d6 3.e4 Bg4 4.Be3 e6 5.Nbd2 Nf6 6.c3 d5 7.Bd3 Be7 8.O-O e5 
9.exd5 Nxd5 10.Qb3 Nb6 11.Bb5 exd4 12.Nxd4 Bd7 13.Rfe1 O-O 14.Rad1 Nxd4 
15.Bxd4 Be6 16.Rxe6 fxe6 17.Qxe6+ Kh8 18.Ne4 Bf6 19.Nxf6 Rxf6 20.Qg4 Rg6 
21.Bxg7+ 0-1

[Event "IX Weekend A"]
[Site "Gorgonzola ITA"]
[Date "2004.11.14"]
[Round "3"]
[White "Bartolozzi, Roberto"]
[Black "Rossi, Giampiero"]
[Result "1/2-1/2"]
[WhiteElo "2115"]
[BlackElo "2022"]
[PlyCount "53"]
[EventDate "2004.11.13"]

1.Nf3 d5 2.d4 c6 3.Bf4 Bf5 4.e3 Qb6 5.Qc1 e6 6.Nbd2 Nf6 7.Be2 h6 8.O-O 
Nbd7 9.c4 Nh5 10.Be5 Nxe5 11.Nxe5 Nf6 12.c5 Qc7 13.b4 a6 14.a4 Be7 15.b5 
axb5 16.axb5 O-O 17.Qb2 Rfc8 18.b6 Qd8 19.Ra7 Rxa7 20.bxa7 Qc7 21.Qb6 Bd8 
22.Ra1 Ra8 23.Qb2 Nd7 24.Nxd7 Qxd7 25.Nb3 Qc7 26.Ra3 f6 27.f4 1/2-1/2

[Event "IX Weekend A"]
[Site "Gorgonzola ITA"]
[Date "2004.11.14"]
[Round "3"]
[White "Bonade', Massimo"]
[Black "Gabetto, Flaviano"]
[Result "1/2-1/2"]
[WhiteElo "2093"]
[BlackElo "2128"]
[PlyCount "60"]
[EventDate "2004.11.13"]

1.d4 d5 2.c4 dxc4 3.Nf3 Nf6 4.Nc3 c5 5.e3 a6 6.a4 Nc6 7.Bxc4 Bg4 8.d5 Nb4 
9.O-O Bf5 10.Nh4 Be4 11.Nxe4 Nxe4 12.Qf3 Nd6 13.b3 g6 14.Bb2 Rg8 15.e4 f6 
16.e5 fxe5 17.Bxe5 Bg7 18.Bxg7 Rxg7 19.Qe2 Qd7 20.Qe5 Kf8 21.Nf3 Nf7 22.
Qe4 Kg8 23.Rfe1 Nd6 24.Qe6+ Qxe6 25.Rxe6 Rb8 26.a5 Rc8 27.Re2 h6 28.Rae1 
Rc7 29.Ne5 Kh7 30.Nf3 Rf7 1/2-1/2

[Event "IX Weekend A"]
[Site "Gorgonzola ITA"]
[Date "2004.11.14"]
[Round "3"]
[White "D'Apa, Stefano"]
[Black "Vancini, Edoardo"]
[Result "0-1"]
[WhiteElo "2165"]
[BlackElo "2288"]
[PlyCount "58"]
[EventDate "2004.11.13"]

1.e4 c5 2.Nc3 Nc6 3.d3 g6 4.g3 Bg7 5.Bg2 d6 6.Nf3 e5 7.O-O Nge7 8.Be3 O-O 
9.Qd2 f6 10.Nh4 g5 11.Nf3 Ng6 12.Nd5 h6 13.c3 f5 14.exf5 Bxf5 15.Ne1 Qd7 
16.h4 gxh4 17.Bxh6 Bxh6 18.Qxh6 Qg7 19.Qe3 Rae8 20.Be4 hxg3 21.fxg3 Bxe4 
22.dxe4 Rxf1+ 23.Kxf1 Rf8+ 24.Ke2 Nge7 25.Nxe7+ Nxe7 26.Nf3 d5 27.Rh1 d4 
28.cxd4 exd4 29.Qg5 d3+ 0-1

[Event "IX Weekend A"]
[Site "Gorgonzola ITA"]
[Date "2004.11.14"]
[Round "3"]
[White "Manzoni, Alessandro"]
[Black "Salami, Marco"]
[Result "0-1"]
[WhiteElo "2100"]
[BlackElo "2170"]
[PlyCount "72"]
[EventDate "2004.11.13"]

1.e4 e6 2.Nc3 d5 3.g3 d4 4.Nce2 c5 5.d3 Nc6 6.Bg2 Be7 7.f4 h5 8.h3 Nf6 9.
Nf3 Qc7 10.Bd2 b6 11.a3 Bb7 12.O-O a5 13.Kh1 Rd8 14.Qe1 a4 15.Qf2 c4 16.e5
cxd3 17.cxd3 Nd7 18.Nfxd4 Nxd4 19.Nxd4 Nc5 20.Nb5 Qd7 21.Bxb7 Qxb7+ 22.Qf3
Rxd3 23.Nd6+ Bxd6 24.Qxb7 Nxb7 25.Bc3 Bc5 26.f5 Rxg3 27.Rad1 Rxh3+ 28.Kg2 
Rh4 29.Rd3 exf5 30.Rfd1 Rg4+ 31.Kh2 O-O 32.Rd7 Na5 33.Rc7 Nc4 34.Rdd7 Re4 
35.Kh3 Nxe5 36.Rd5 Re8 0-1

[Event "IX Weekend A"]
[Site "Gorgonzola ITA"]
[Date "2004.11.14"]
[Round "3"]
[White "Massironi, Marco"]
[Black "Dallaglio, Giovanni"]
[Result "1-0"]
[WhiteElo "2108"]
[BlackElo "2051"]
[PlyCount "82"]
[EventDate "2004.11.13"]

1.e4 d5 2.exd5 Qxd5 3.Nc3 Qa5 4.d4 Nf6 5.Nf3 c6 6.Ne5 Be6 7.Bd2 Qb6 8.Bc1 
Nbd7 9.Nxd7 Bxd7 10.Bc4 Bf5 11.O-O Rd8 12.Ne2 e6 13.c3 Be7 14.Re1 O-O 15.
Ng3 Bg6 16.f4 Rd7 17.Kh1 h6 18.Qf3 c5 19.dxc5 Bxc5 20.Rf1 a5 21.f5 exf5 
22.Nxf5 Rfd8 23.b4 axb4 24.cxb4 Bd4 25.Rb1 Bxf5 26.Qxf5 Qc6 27.Bb5 Qe4 28.
Bxd7 Rxd7 29.Bd2 Rd5 30.Qxe4 Nxe4 31.Be1 h5 32.Rd1 h4 33.Bf2 Nxf2+ 34.Rxf2
Re5 35.Rf4 Bc3 36.Rxh4 g5 37.Rc4 Bd2 38.h4 Bf4 39.hxg5 Bxg5 40.Rc5 Rxc5 
41.bxc5 Be3 1-0

[Event "IX Weekend A"]
[Site "Gorgonzola ITA"]
[Date "2004.11.14"]
[Round "3"]
[White "Mazzariol, Oscar"]
[Black "Berni, Fabrizio"]
[Result "0-1"]
[WhiteElo "2102"]
[BlackElo "2134"]
[PlyCount "114"]
[EventDate "2004.11.13"]

1.d4 d6 2.Nf3 Nf6 3.g3 g6 4.Bg2 Bg7 5.O-O O-O 6.c4 Nc6 7.Nc3 a6 8.e4 Bg4 
9.Be3 e5 10.d5 Nd4 11.Bxd4 exd4 12.Qxd4 Re8 13.Qd3 Nd7 14.Nd2 b5 15.Rae1 
Ne5 16.Qc2 bxc4 17.h3 Bd7 18.Re2 Qf6 19.f4 Nd3 20.e5 dxe5 21.Nxc4 e4 22.
Kh2 Qd4 23.Rxe4 Rxe4 24.Nxe4 Nxb2 25.Nxb2 Qxb2 26.Qxc7 Bb5 27.Rf2 Qa1 28.
Ng5 Rf8 29.Nf3 Qf6 30.Rd2 Rd8 31.Ne5 Bf8 32.Qa5 h5 33.a4 Be8 34.Nf3 Rd6 
35.Re2 Qd8 36.Qxd8 Rxd8 37.Re4 a5 38.Ne5 f5 39.Rc4 Bd6 40.Nc6 Ra8 41.Rc3 
h4 42.Rc4 hxg3+ 43.Kxg3 g5 44.Ne5 Rb8 45.Bf3 gxf4+ 46.Kxf4 Bd7 47.Bh5 Kg7 
48.Rc5 Ra8 49.Rc3 Kf6 50.Re3 Rb8 51.Bd1 Bxe5+ 52.Kf3 Rb4 53.Rd3 Bxa4 54.
Bxa4 Rxa4 55.d6 Rd4 56.Ra3 a4 57.h4 Bxd6 0-1

[Event "IX Weekend A"]
[Site "Gorgonzola ITA"]
[Date "2004.11.14"]
[Round "3"]
[White "Montani, Francesco"]
[Black "Radice, Luca"]
[Result "1/2-1/2"]
[WhiteElo "2201"]
[BlackElo "2082"]
[PlyCount "34"]
[EventDate "2004.11.13"]

1.e4 e6 2.f4 d5 3.e5 c5 4.b4 cxb4 5.d4 Nc6 6.a3 Bd7 7.axb4 Bxb4+ 8.c3 Be7 
9.Bd3 Nh6 10.Ne2 Nf5 11.O-O h5 12.Na3 a6 13.Bxf5 exf5 14.c4 Be6 15.c5 b5 
16.cxb6 Qxb6 17.Qa4 O-O 1/2-1/2

[Event "IX Weekend A"]
[Site "Gorgonzola ITA"]
[Date "2004.11.14"]
[Round "3"]
[White "Piantoni, Roberto"]
[Black "Mrdja, Milan"]
[Result "1/2-1/2"]
[WhiteElo "2133"]
[BlackElo "2420"]
[PlyCount "123"]
[EventDate "2004.11.13"]

1.d4 g6 2.e4 Bg7 3.c3 d6 4.Nf3 Nd7 5.Bc4 e6 6.O-O Ne7 7.Re1 a6 8.a4 b6 9.
Bg5 h6 10.Bh4 Bb7 11.Nbd2 O-O 12.Qc2 g5 13.Bg3 Nf6 14.h3 Nh5 15.Bh2 Kh8 
16.e5 Qd7 17.Bd3 f5 18.exd6 cxd6 19.Nc4 Bxf3 20.gxf3 Nc8 21.Qe2 Rf6 22.f4 
Nxf4 23.Bxf4 gxf4 24.Qf3 Rb8 25.Qxf4 b5 26.axb5 axb5 27.Ne3 Ne7 28.Ng2 Rg8
29.Qf3 e5 30.dxe5 dxe5 31.Rxe5 Rg6 32.Re3 Bxc3 33.bxc3 Rxg2+ 34.Qxg2 Rxg2+
35.Kxg2 Nd5 36.Ra8+ Kg7 37.Rg3+ Kf7 38.Rag8 Nf4+ 39.Kh2 Qd6 40.Bxb5 Qc5 
41.Be8+ Kf6 42.Re3 Qd6 43.Rgg3 Qb8 44.c4 Ne6 45.Bd7 Ng5 46.Re8 Qd6 47.Bb5 
f4 48.Rg4 f3+ 49.Rg3 Qc5 50.Re3 Qd4 51.Rexf3+ Nxf3+ 52.Rxf3+ Kg7 53.Re3 h5
54.Kg2 Kf6 55.Ba6 Kg5 56.Bb5 Qb6 57.Rg3+ Kf4 58.Rf3+ Ke4 59.Re3+ Kd4 60.
Kf1 Qd6 61.Ke2 Qf4 62.Kf1 1/2-1/2

[Event "IX Weekend A"]
[Site "Gorgonzola ITA"]
[Date "2004.11.14"]
[Round "3"]
[White "Ranola, Yves"]
[Black "Pace, Pietro Dario"]
[Result "1-0"]
[WhiteElo "2449"]
[BlackElo "2130"]
[PlyCount "83"]
[EventDate "2004.11.13"]

1.c4 e5 2.g3 Nc6 3.Bg2 Nf6 4.Nc3 Bc5 5.a3 a5 6.e3 d6 7.Nge2 O-O 8.h3 Re8 
9.d3 Ba7 10.g4 h6 11.Ng3 Ne7 12.O-O c6 13.d4 exd4 14.exd4 d5 15.c5 Nh7 16.
Qd3 Rf8 17.Bf4 b5 18.Rfe1 Bb8 19.Bxb8 Rxb8 20.Nh5 Ng6 21.b4 a4 22.Ne2 Nf6 
23.Nhf4 Nxf4 24.Nxf4 Bd7 25.Qg3 Re8 26.Nd3 Rxe1+ 27.Rxe1 Be8 28.Qe5 Rc8 
29.f4 Nh7 30.Qe7 Qxe7 31.Rxe7 Nf8 32.Kf2 f6 33.f5 Nd7 34.Nf4 Kf8 35.Ng6+ 
Kg8 36.Bf1 Rd8 37.Bd3 Nb8 38.Nf4 Kf8 39.Rb7 Bd7 40.Ne6+ Bxe6 41.fxe6 Rc8 
42.Bg6 1-0

[Event "IX Weekend A"]
[Site "Gorgonzola ITA"]
[Date "2004.11.14"]
[Round "3"]
[White "Salvador, Roland"]
[Black "Martinez, Rolly"]
[Result "1/2-1/2"]
[WhiteElo "2315"]
[BlackElo "2360"]
[PlyCount "32"]
[EventDate "2004.11.13"]

1.e4 e5 2.Nf3 Nc6 3.Bb5 a6 4.Ba4 Nf6 5.O-O Be7 6.Re1 b5 7.Bb3 d6 8.c3 O-O 
9.h3 Na5 10.Bc2 Bb7 11.d4 Nc4 12.Nbd2 Nxd2 13.Bxd2 Nd7 14.Be3 c5 15.d5 Nb6
16.b3 f5 1/2-1/2

[Event "IX Weekend A"]
[Site "Gorgonzola ITA"]
[Date "2004.11.14"]
[Round "3"]
[White "Sbarra, Marco"]
[Black "Cazzaniga, Walter"]
[Result "1-0"]
[WhiteElo "2231"]
[BlackElo "2077"]
[PlyCount "59"]
[EventDate "2004.11.13"]

1.d4 Nf6 2.c4 g6 3.Nc3 Bg7 4.e4 d6 5.Nf3 O-O 6.Be2 e5 7.d5 a5 8.Bg5 h6 9.
Bh4 Na6 10.Nd2 Qe8 11.O-O Nh7 12.f3 h5 13.a3 Bd7 14.b3 Bh6 15.Rb1 Be3+ 16.
Kh1 Bc5 17.Qc1 g5 18.Be1 f5 19.exf5 Bxf5 20.Nde4 Qg6 21.Bd3 b6 22.Bd2 g4 
23.fxg4 Qxg4 24.Qc2 Bxa3 25.Nb5 Bb4 26.Bh6 Rf7 27.Nf6+ Rxf6 28.Bxf5 Rxh6 
29.Bxg4 hxg4 30.Qf5 1-0

[Event "IX Weekend A"]
[Site "Gorgonzola ITA"]
[Date "2004.11.20"]
[Round "4"]
[White "Barlocco, Carlo"]
[Black "Bartolozzi, Roberto"]
[Result "1-0"]
[WhiteElo "2108"]
[BlackElo "2115"]
[PlyCount "107"]
[EventDate "2004.11.13"]

1.d4 e6 2.Nc3 d5 3.Bf4 Nf6 4.Nf3 Be7 5.h3 O-O 6.e3 c5 7.Be2 Nc6 8.O-O a6 
9.Ne5 Bd6 10.Nxc6 bxc6 11.Bxd6 Qxd6 12.Bf3 cxd4 13.exd4 c5 14.Na4 cxd4 15.
Qxd4 Rb8 16.b3 e5 17.Qd2 Rd8 18.Rad1 e4 19.Be2 d4 20.Rfe1 Bf5 21.Qa5 Qf4 
22.g3 Qg5 23.Qe5 Rbc8 24.h4 Qg6 25.Rxd4 Re8 26.Qf4 Rxc2 27.Bxa6 Rxa2 28.
Bb5 Rf8 29.Bc4 h6 30.Nc3 Ra7 31.Nd5 Nxd5 32.Rxd5 Bc8 33.Rd6 Qf5 34.Qxe4 
Qxe4 35.Rxe4 Ra1+ 36.Kh2 Bb7 37.Bd5 Bxd5 38.Rxd5 Rb1 39.Rb5 Rd8 40.Rb7 Rb2
41.Kg2 Rdd2 42.Re8+ Kh7 43.Rxf7 Kg6 44.Ree7 Kh5 45.Rf3 g5 46.hxg5 hxg5 47.
Re5 Kg6 48.Kh3 Rxf2 49.Rxf2 Rxf2 50.Kg4 Rb2 51.Rxg5+ Kf6 52.Rb5 Rb1 53.
Rb6+ Ke5 54.Kg5 1-0